000 00285nam a2200133Ia 4500
100 _aBrandt/N.B
942 _cBK
654 _aMetals
245 _aElectronic Structure of Metals
260 _bMir Publishers
_aMoscow
_c1975
082 _a539.14
300 _a336
546 _aENGLISH
999 _c26657
_d26657